Wat zijn de afkortingen van de provincienamen? NL + B ! - Statistieken

Algemene statistieken
  • Deze quiz is 20 keer genomen
  • De gemiddelde score is 19 van 22
Antwoordstatistieken
Hint Antwoord % Correct
Friesland FR
100%
Groningen GR
100%
Overijssel OV
100%
Zeeland ZL
100%
Drenthe DR
95%
Flevoland FL
95%
Gelderland GL
95%
Limburg LB
95%
Noord Brabant NB
95%
Noord Holland NH
95%
Utrecht UT
95%
Zuid Holland ZH
95%
Antwerpen ANT
84%
Limburg LIM
84%
Luxemburg LUX
84%
Namen NAM
84%
Henegouwen/Hainaut HAI
68%
Luik/Liege LIE
68%
Oost Vlaanderen OVL
68%
West Vlaanderen WVL
68%
Vlaams Brabant VBR
63%
Waals Brabant WBR
63%
Geen overeenkomende quizzen gevonden
Scoreverdeling
Procent van Mensen met Elke Score
Percentiel versus Aantal Correcte Antwoorden
Uw Scoregeschiedenis
U heeft deze quiz nog niet genomen